Determinants of Latin American and the Caribbean Agricultural Trade: A Gravity Model Approach
Región Latinskej Ameriky a Karibiku (LAC) ako jeden z najdôležitejších hráčov svetového poľnohospodárskeho obchodu. Región LAK a upevnenie svojej pozície tretieho najväčšieho poľnohospodárskeho regiónu na svete. Skúmanie faktorov agropotravinárskeho exportu v krajinách LAC, čo môže byť dôležitým nás...
Gespeichert in:
| 1. Verfasser: | |
|---|---|
| Weitere Verfasser: | |
| Format: | Buchkapitel |
| Sprache: | Englisch |
| Schlagworte: | |
| Tags: |
Keine Tags, Fügen Sie das erste Tag hinzu!
|
MARC
| LEADER | 00000naa a2200000 4500 | ||
|---|---|---|---|
| 001 | 0283358 | ||
| 005 | 20220427094447.8 | ||
| 041 | 0 | |a eng | |
| 044 | |a CZ | ||
| 245 | 1 | 0 | |a Determinants of Latin American and the Caribbean Agricultural Trade: A Gravity Model Approach |c Máté Jeremiás Balogh, Giovanna Maria Borges Aguiar |
| 520 | |a Región Latinskej Ameriky a Karibiku (LAC) ako jeden z najdôležitejších hráčov svetového poľnohospodárskeho obchodu. Región LAK a upevnenie svojej pozície tretieho najväčšieho poľnohospodárskeho regiónu na svete. Skúmanie faktorov agropotravinárskeho exportu v krajinách LAC, čo môže byť dôležitým nástrojom pre tvorcov rozhodnutí upravujúcich poľnohospodársku obchodnú politiku. | ||
| 610 | 2 | 0 | |a obchod medzinárodný |
| 610 | 2 | 0 | |a obchod voľný |
| 610 | 2 | 0 | |a poľnohospodárstvo |
| 610 | 2 | 0 | |a trh spoločný |
| 610 | 2 | 0 | |a vývoz |
| 610 | 2 | 0 | |a Latinská Amerika |
| 610 | 2 | 0 | |a Karibská oblasť |
| 100 | 1 | |a Balogh, Máté Jeremiás | |
| 700 | 1 | |a Aguiar, Giovanna Maria Borges | |